000
00268nam a2200109Ia 4500
008
200302s9999 xx 000 0 und d
100
_a
David Dernie
245
_a
Architectural drawing 2nd ed
260
_b
Laurence King Publishing Ltd.,
260
_c
2010
300
_a
208
999
_c
6616
_d
6616